000 00730nam a2200289Ia 4500
005 20260324121844.0
008 008 260324s9999 xx 000 0 eng d
020 _a9780203078921
037 _aEBOOK
040 _aCRL
040 _beng
040 _cCRL
041 _2eng
041 _aeng
084 _qCRL
100 _aFabian Holt; Carsten Wergin
_91164143
245 0 _aMusical Performance and the Changing City
245 0 _bPost-industrial Contexts in Europe and the United States
260 _bTaylor and Francis
260 _c2013
365 _a
365 _b255
856 _uhttp://www.taylorfrancis.com/books/9780203078921
942 _cEBOOK
999 _c1756496
_d1756496